Implementation of green IT in selected enterprise diplomová práca

Uložené v:
Podrobná bibliografia
Hlavný autor: Dines, Kristina
Korporativný autor: Fakulta podnikového manažmentu EU. Katedra informačného manažmentu
Ďalší autori: Bolek, Vladimír, 1988-
Médium: Kniha
Jazyk:English
Vydavateľské údaje: Bratislava 2024
Tagy: Pridať tag
Žiadne tagy, Buďte prvý, kto otaguje tento záznam!

MARC

LEADER 00000nbm a2200000 4500
001 0301009
005 20250225093037.6
041 0 |a eng 
044 |a SK 
245 1 0 |a Implementation of green IT in selected enterprise  |b diplomová práca  |c Kristina Dines ; školiteľ: Vladimír Bolek 
264 1 |a Bratislava  |c 2024 
300 |a 73 s. 
100 1 |a Dines, Kristina 
700 1 |a Bolek, Vladimír, 1988- 
710 2 |a Fakulta podnikového manažmentu EU. Katedra informačného manažmentu